| 000 | 00465nam a2200157 4500 | ||
|---|---|---|---|
| 001 | 135809 | ||
| 003 | ES-MaACL | ||
| 005 | 20230906194949.0 | ||
| 007 | t| | ||
| 008 | 070214s1912 fr r ||||1| fre d | ||
| 100 | 1 |
_aRousiers, Paul de. _9100051 |
|
| 245 | 1 | 4 |
_aLes syndicats industriels de producteurs en France et a l'etranger / _cPaul de Rousiers. |
| 260 |
_aCoulommiers : _bPaul Brodard, _c1912. |
||
| 300 |
_aX, 291 p. ; _c19 cm. |
||
| 852 |
_aES-MaACL _jF-5839 |
||
| 999 |
_c135809 _d135809 |
||